000 00679nam a2200241Ia 4500
003 OSt
005 20220918180810.0
006 a|||||r|||| 00| 0
007 ta
008 220917b |||||||| |||| 00| 0 eng d
024 _a24,218
037 _cTextual
040 _aARTS
_cARTS
_beng
041 _2eng
_aeng
082 _aO111,1J72:g, L8-;1
100 _aDonne John
_941152
245 0 _aEpithamions anniversaries and epicedes ed by W Milgate
260 _aOxford
_bClarendon Press
_c1978
300 _alixvii,237p. plates
_ccm.
650 _aDONNE, JOHN
_911035
942 _hO111,1J72:g, L8-;1
_cTEXL
_2CC
999 _c163194
_d163194